| 000 | 00719nam a2200229Ia 4500 | ||
|---|---|---|---|
| 003 | GCL | ||
| 008 | 140319s9999 xx 000 0 ara d | ||
| 040 |
_aGCL / _cGCL |
||
| 082 | 0 | 4 |
_a001.5 _bم ت |
| 100 | 1 | _aماجى الحلوانى | |
| 245 | 1 | 0 |
_aالتليفزيون التعليمى / _cماجى الحلوانى |
| 300 | _a248 | ||
| 490 |
_aكتاب _v0 |
||
| 650 | 0 | 4 | _aالتعليم |
| 650 | 0 | 4 | _aالبرامج |
| 650 | 0 | 4 | _aوسائل الاعلام |
| 650 | 0 | 4 | _aالوسائل السمعية والبصرية |
| 650 | 0 | 4 | _aالدوائر التلفزيونية المغلقة |
| 650 | 0 | 4 | _aالافلام التعليمية |
| 650 | 0 | 4 | _aالتليفزيون التعليمى |
| 942 |
_2ddc _cBK |
||
| 999 |
_c41081 _d41081 |
||